000 00762nam a22002537a 4500
003 BUBTL
008 231116b ||||| |||| 00| 0 eng d
020 _a9780195682144
040 _dc2006
041 _aeng
082 _a820/ Ab836m/ 2006
100 _95037
_aAbrams, M. H.
245 _aThe Mirror and the Lamp:
_bRomantic Theory and the Critical Tradition /
_c M. H. Abrams
250 _aIst ed.
260 _aNew Delhi :
_bOxford University Press,
_cc2006
300 _a406p. :
_c20 cm.
500 _aInclude Index
505 _aThe Mirror and the Lamp, M. H. Abrams, English Literature
526 _aEnglish Language
650 0 _91994
_aEnglish Literature
856 _k0
_l0
_yDownload
942 _2ddc
_cBK
999 _c7140
_d7140